| 000 | 00625nam a2200253Ia 4500 | ||
|---|---|---|---|
| 003 | OSt | ||
| 005 | 20221005033332.0 | ||
| 006 | a|||||r|||| 00| 0 | ||
| 007 | ta | ||
| 008 | 221004b |||||||| |||| 00| 0 eng d | ||
| 020 | _a8176463590 | ||
| 024 | _a75057 | ||
| 037 | _cTextual | ||
| 040 |
_aCRL _cCRL _beng |
||
| 041 |
_2eng _aeng |
||
| 082 | _aR65, P3 | ||
| 100 | _aManhas M.S | ||
| 245 | 0 | _aHoly vedantic life | |
| 260 |
_aDelhi _bB.R.Publishing Corporation India _c2003 |
||
| 300 |
_a624p _ccm. |
||
| 650 | _aPHILOSOPHY | ||
| 942 |
_hR65, P3 _cTEXL _2cc |
||
| 999 |
_c941381 _d941381 |
||